Polskie miasta powyżej 100 tysięcy mieszkańców - Nagła śmierć - Statystyki

Ogólne statystyki
  • Ten quiz został rozwiązany 99 razy
  • Średni wynik to 6 z 15
Answers on the Grid
Answers color-coded by a green-red scale on the quiz's grid according to % correct below.
Kalisz
Płock
Słupsk
Jastrzębie-Zdrój
Nowy Sącz
Dąbrowa Górnicza
Chorzów
Jelenia Góra
Siedlce
Tarnów
Włocławek
Wałbrzych
Grudziądz
Jaworzno
Leszno
Bydgoszcz
Lubin
Opole
Tychy
Ruda Śląska
Siemianowice Śląskie
Konin
Bytom
Bielsko Biała
Legnica
Koszalin
Elbląg
Ełk
Suwałki
Gorzów Wielkopolski
 
Statystyki odpowiedzi
Odpowiedź % Poprawnych
Bydgoszcz
63%
Płock
59%
Opole
47%
Bytom
46%
Bielsko Biała
42%
Chorzów
42%
Dąbrowa Górnicza
37%
Tychy
37%
Gorzów Wielkopolski
34%
Ruda Śląska
34%
Elbląg
25%
Koszalin
25%
Tarnów
24%
Wałbrzych
19%
Włocławek
15%
Nie znaleziono quizów pasujących do podanych kryteriów
Rozkład punktacji
Procent ludzi z każdym wynikiem
Percentyl według liczby udzielonych odpowiedzi
Twoja historia wyników
Nie rozwiązałeś tego quizu